01697naa a2200205 a 450000100080000000500110000800800410001902000180006010000170007824501900009526000090028552009220029465300160121665300150123265300340124765300140128170000210129570000180131677301570133411206892014-04-25 2002 bl uuuu u00u1 u #d a85-85941-11-11 aSOUZA, R. T. aDep??sito de pulveriza????es com e sem energia eletrost??tica com diferentes pontas no volume de 50 L Ha-?? de aplica????o em p??s-emerg??ncia na cultura da soja.h[electronic resource] c2002 aA aplica????o de herbicidas com pulveriza????o eletrost??tica pode ser uma alternativa para melhorar a deposi????o de produtos nas plantas, com o objetivo de avaliar a deposi????o utilizou tran??antes em plantas de Euphorbia heterophila com aplica????o em p??s-emergente na cultura da soja. Utilizou-se um pulverizador Spracoupe equipado com pontas XR 110 02, TT 110 02 e TJ60 11002, com press??o de 3 bares, aplicando 30 L/ha de calda, aplicadas com e sem o uso de eletriza????o das gotas produzidas. As plantas daninhas foram coletadas na linha e entrelinha da cultura. Os resultados mostraram que as pontas XR 11002 e TJ60 11002 com a eletriza????o das gotas aumentaram a deposi????o na soja, n??o houve aumento na deposi????o nas plantas daninhas na linha, com gotas energizadas e para as localizadas na entrelinha todas as pontas testadas proporcionaram aumento com o uso de gotas carregadas eletrost??ticamente. adeposi????o aherbicidas apulveriza????o eletrost??tica atra??ador1 aPALLADINI, L. A.1 aVELINI, E. D. tIn: CONGRESSO BRASILEIRO DA CI??NCIA DAS PLANTAS DANINHAS, 23., 2002, Gramado, RS. Resumos... Londrina, PR: SBCPD/Embrapa Clima Temperado, 2002. p. 712.